000 00730nam a2200193Ia 4500
008 151121s9999||||xx |||||||||||||| ||und||
082 _a500/चतुर्वे
082 _bHNW-18739
100 _aचतुर्वेदी श्रीनारायण
245 _aविश्व की कहानी
260 _bएज्युकेशन पब्लि। कंपनी लि। लखनऊ
260 _c--
300 _a0
600 _aचतुर्वेदी श्रीनारायण
630 _aविश्व की कहानी
700 _aचतुर्वेदी श्रीनारायण
730 _aविश्व की कहानी
942 _cBOOK
999 _c1220563
_d1220560